Así habló Zarathustra

Salvato in:
Dettagli Bibliografici
Natura: Libro
Lingua:spagnolo
Pubblicazione: Barcelona Orbis 1982
Barcelona Origen 1982
Serie:Historia Universal de la Literatura, 16
Soggetti:
Tags: Aggiungi Tag
Nessun Tag, puoi essere il primo ad aggiungerne!!

MARC

LEADER 00000nam a2200000 a 4500
001 UCH9592
003 CL-VaPUC
008 100114e19820000sp |||||||||||||||||spa|d
020 |a 8475300413 
082 0 4 |a 193  |b NIE  |2 21 
245 1 0 |a Así habló Zarathustra 
300 |a 377 p 
942 |c BK 
945 |d 20100114 00:00:00  |a dcastane 
260 |a Barcelona  |b Orbis  |c 1982 
260 |a Barcelona  |b Origen  |c 1982 
650 0 |a Filosofía alemana   |9 265002 
650 0 |a Antropología filosófica  |9 265842 
650 0 |a Nihilismo  |9 265670 
650 0 |a Ateísmo  |9 265671 
583 |a last modification  |c 20171130 02:22:50  |k Rodrigo Vera 
490 0 |a Historia Universal de la Literatura, 16 
999 |c 339513  |d 339511